Assyria to Iberia : art and culture in the Iron Age /

محفوظ في:

مؤلفون مشاركون: Assyria to Iberia at the Dawn of the Classical Age (Conference) New York, New York), Metropolitan Museum of Art (New York, New York)

مؤلفون آخرون: Aruz, Joan., Seymour, Michael

التنسيق: وقائع المؤتمر كتاب

اللغة: English

منشور في: New York : The Metropolitan Museum of Art, [2016]

سلاسل: Metropolitan Museum of Art symposia

الموضوعات:

الوسوم: إضافة وسم

لا توجد وسوم, كن أول من يضع وسما على هذه التسجيلة!

رقم الطلب: N5335.N4 M488 2016

LEADER 01490nam a2200289Ia 4500
008 201123s2016 nyuab g b 100 0deng d
010 |a 2016032787 
020 |a 9781588396068 (Metropolitan Museum of Art) 
050 0 4 |a N5335.N4  |b M488 2016 
111 2 |a Assyria to Iberia at the Dawn of the Classical Age (Conference)  |d (2014 :  |c New York, New York), 
245 1 0 |a Assyria to Iberia :  |b art and culture in the Iron Age /  |c Edited by Joan Aruz and Michael Seymour. 
264 1 |a New York :  |b The Metropolitan Museum of Art,  |c [2016] 
300 |a ix, 360 pages :  |b illustrations, maps ;  |c 26 cm. 
336 |a text  |b txt  |2 rdacontent 
337 |a unmediated  |b n  |2 rdamedia 
338 |a volume  |b nc  |2 rdacarrier 
490 0 |a Metropolitan Museum of Art symposia 
500 |a "The essays in this volume are based on papers and lectures presented in conjunction with the exhibition "Assyria to Iberia at the Dawn of the Classical Age" on view at The Metropolitan Museum of Art, New York, from September 27, 2014, through January 4, 2015" --Colophon. 
504 |a Includes bibliographical references. 
650 0 |a Art, Ancient  |v Congresses. 
650 0 |a Iron age  |v Congresses. 
700 1 |a Aruz, Joan. 
700 1 |a Seymour, Michael  |q (Michael John) 
710 2 |a Metropolitan Museum of Art (New York, New York) 
942 |c BK 
952 |0 0  |1 0  |2 lcc  |4 0  |6 N5335 N4 M488 02016  |7 1  |9 31621  |a ARCE  |b ARCE  |d 2022-01-25  |l 0  |o N5335.N4 M488 2016  |p 1001471  |r 2022-01-25 00:00:00  |w 2022-01-25  |y BK 
999 |c 31353  |d 31353